000 00444nam a2200157 i 4500
001 147900
003 ES-MaACL
005 20230906202318.0
007 t|
008 071008s1973 sp ||||1| baq d
100 1 _aUrruzuno, Pedro Miguel.
_9112256
245 1 0 _aSasiletru baten ziria ta abar /
_cPedro Miguel Uzurruno.
260 _aTolosa :
_bAuspoa,
_c1973.
300 _a143 p. :
_bil. ;
_c18 cm.
852 _aES-MaACL
_jC-50046
_bR.84776
999 _c147900
_d147900